| 000 | 00622nam a22002177a 4500 | ||
|---|---|---|---|
| 001 | 64343 | ||
| 003 | UA-OsUOA | ||
| 005 | 20220515223256.0 | ||
| 007 | ta | ||
| 008 | 20091103b un ||||| |||| 00| 0 ukr d | ||
| 040 |
_aUA-OsUOA _brus _cUA-OsUOA _dUA-OsUOA |
||
| 041 | _arus | ||
| 080 | _a(031)(470+571) | ||
| 090 |
_a(031)(470+571) _bЕ36 |
||
| 245 |
_aЕжегодник Большой Советской Энциклопедии _cКовалев С. М. |
||
| 260 |
_aМ. _c1973 |
||
| 300 | _a638 с. | ||
| 650 | 7 |
_a030 Універсальні довідкові видання _2UDC |
|
| 942 |
_cBK _2udc |
||
| 955 | _a2 | ||
| 999 |
_c350810 _d350810 |
||